[Event "Titled Tuesday intern op 26th Jul Early"]
[Site "Chess.com INT"]
[Date "2022.07.26"]
[Round "10"]
[White "Lehtosaari, Mauri"]
[Black "Peiris, TSS"]
[Result "1-0"]
[WhiteElo "2199"]
[BlackElo "1868"]
[PlyCount "147"]
[EventDate "2022.07.26"]
[EventType "swiss (blitz)"]
[EventRounds "11"]
[EventCountry "USA"]
[SourceTitle "EXT 2023"]
[Source "ChessBase"]
[SourceDate "2022.10.05"]
[SourceVersion "1"]
[SourceVersionDate "2022.10.05"]
[SourceQuality "1"]

1. d4 Nf6 2. Nf3 e6 3. Bg5 Be7 4. e3 b6 5. Bd3 Bb7 6. Nbd2 d6 7. c3 a6 8. 0-0 Nbd7 9. a4 h6 10. Bxf6 Nxf6 11. e4 c5 12. Qe2 Nd7 13. Nc4 Qc7 14. Rfc1 0-0 15. h3 b5 16. Ne3 c4 17. Bc2 e5 18. Nf5 Rfe8 19. Qe3 Bf8 20. d5 Kh7 21. Nh2 g6 22. Ng3 h5 23. Nf3 Bh6 24. Ng5+ Kg7 25. h4 Nc5 26. Qf3 f6 27. Nh3 Bxc1 28. Rxc1 Bc8 29. Qe3 Bg4 30. Bd1 Qd7 31. Bxg4 hxg4 32. h5 gxh3 33. hxg6 Kxg6 34. Nf5 Rh8 35. gxh3 Rag8 36. Kh2 Kf7 37. Rg1 Rxg1 38. Kxg1 Nd3 39. Kh2 Nf4 40. h4 Qd8 41. Qg3 Qg8 42. Nxd6+ Kf8 43. Qxg8+ Rxg8 44. axb5 axb5 45. Nxb5 Rg2+ 46. Kh1 Rxf2 47. Nd6 Nd3 48. Nxc4 Ne1 49. Kg1 Rf4 50. Nd6 Nd3 51. b4 Ke7 52. Nf5+ Kd7 53. Ng3 Rxh4 54. Kg2 Rf4 55. Nh5 Rg4+ 56. Kf3 Rg6 57. Ke3 Nf4 58. Nxf4 exf4+ 59. Kxf4 Kd6 60. Kf5 Rh6 61. c4 Kd7 62. c5 Rh4 63. b5 Rh2 64. b6 Rb2 65. c6+ Kd6 66. b7 Kc7 67. Kxf6 Rd2 68. Ke6 Rd4 69. e5 Rh4 70. d6+ Kb8 71. d7 Rh8 72. Kd6 Rh6+ 73. e6 Ka7 74. d8Q 1-0

[Event "Titled Tuesday intern op 26th Jul Early"]
[Site "Chess.com INT"]
[Date "2022.07.26"]
[Round "7"]
[White "Oye Stromberg, Alexander"]
[Black "Peiris, TSS"]
[Result "1-0"]
[WhiteElo "2304"]
[BlackElo "1868"]
[PlyCount "77"]
[EventDate "2022.07.26"]
[EventType "swiss (blitz)"]
[EventRounds "11"]
[EventCountry "USA"]
[SourceTitle "EXT 2023"]
[Source "ChessBase"]
[SourceDate "2022.10.05"]
[SourceVersion "1"]
[SourceVersionDate "2022.10.05"]
[SourceQuality "1"]

1. d4 Nf6 2. c4 e6 3. Nc3 b6 4. e4 d6 5. Bd3 Bb7 6. Nf3 Nbd7 7. 0-0 a6 8. b4 Be7 9. a3 0-0 10. Be3 e5 11. d5 Re8 12. Nd2 Nf8 13. Nb3 Ng6 14. c5 bxc5 15. bxc5 c6 16. Bc4 cxd5 17. Nxd5 Nxe4 18. Qf3 Ng5 19. Nxe7+ Qxe7 20. Bxg5 Qd7 21. Bd5 e4 22. Qd1 Bxd5 23. Qxd5 Rac8 24. Qxd6 Qg4 25. Qg3 Qe6 26. Rac1 h6 27. Bd2 Red8 28. Rc3 a5 29. Be3 Qf6 30. Rfc1 a4 31. Nd2 Ne7 32. Nxe4 Qe6 33. Nd6 Rc6 34. h3 Nd5 35. Rd3 f5 36. Qf3 Nxe3 37. Qxe3 Rdxd6 38. Rxd6 Rxd6 39. cxd6 1-0

[Event "Titled Tuesday intern op 26th Jul Early"]
[Site "Chess.com INT"]
[Date "2022.07.26"]
[Round "3"]
[White "Peiris, TSS"]
[Black "Girinath, PDS"]
[Result "1-0"]
[WhiteElo "1868"]
[BlackElo "2333"]
[PlyCount "55"]
[EventDate "2022.07.26"]
[EventType "swiss (blitz)"]
[EventRounds "11"]
[EventCountry "USA"]
[SourceTitle "EXT 2023"]
[Source "ChessBase"]
[SourceDate "2022.10.05"]
[SourceVersion "1"]
[SourceVersionDate "2022.10.05"]
[SourceQuality "1"]

1. Nf3 e6 2. g3 f5 3. Bg2 Nf6 4. 0-0 Be7 5. d3 0-0 6. Nbd2 d6 7. c4 Nc6 8. Rb1 a5 9. a3 a4 10. d4 e5 11. e3 f4 12. d5 Nb8 13. exf4 exf4 14. Re1 fxg3 15. hxg3 Bf5 16. Ra1 Na6 17. Nf1 Nc5 18. Be3 Nb3 19. Nd4 Qd7 20. Nxb3 axb3 21. Qxb3 b6 22. Bd4 Ng4 23. Ne3 Nxf2 24. Nxf5 Qxf5 25. Rxe7 Rf6 26. Bxf6 Qxf6 27. Re6 Qf5 28. Qf3 1-0

[Event "Titled Tuesday intern op 26th Jul Early"]
[Site "Chess.com INT"]
[Date "2022.07.26"]
[Round "5"]
[White "Peiris, TSS"]
[Black "Kubicka, Anna"]
[Result "0-1"]
[WhiteElo "1868"]
[BlackElo "2222"]
[PlyCount "148"]
[EventDate "2022.07.26"]
[EventType "swiss (blitz)"]
[EventRounds "11"]
[EventCountry "USA"]
[SourceTitle "EXT 2023"]
[Source "ChessBase"]
[SourceDate "2022.10.05"]
[SourceVersion "1"]
[SourceVersionDate "2022.10.05"]
[SourceQuality "1"]

1. Nf3 Nf6 2. g3 g6 3. Bg2 Bg7 4. 0-0 0-0 5. c4 d6 6. Nc3 Nc6 7. d4 e5 8. h3 Re8 9. d5 Ne7 10. e4 c6 11. dxc6 bxc6 12. Qa4 Qc7 13. Rd1 Rd8 14. Be3 Be6 15. Rd2 d5 16. cxd5 cxd5 17. exd5 Nfxd5 18. Nxd5 Nxd5 19. Re1 Nxe3 20. Rxe3 Rxd2 21. Nxd2 Rd8 22. Rc3 Qb6 23. Nc4 Qd4 24. Qc2 Qd1+ 25. Kh2 e4 26. Qxd1 Rxd1 27. Rc2 f5 28. Ne3 Rb1 29. b3 Bd4 30. Rd2 Bb6 31. Nd1 Ba5 32. Rd6 Kf7 33. Ne3 Bb6 34. Rd2 Re1 35. Nc2 Rc1 36. Ne3 Rc3 37. Nd1 Rd3 38. Rxd3 exd3 39. Bf1 d2 40. Kg2 Bd5+ 41. f3 a5 42. Bc4 Bxc4 43. bxc4 Ke6 44. Kf1 Ke5 45. Ke2 Kd4 46. Nb2 Bc7 47. Kxd2 Bxg3 48. Ke2 Bd6 49. Kd2 Ba3 50. Nd1 Kxc4 51. Ne3+ Kc5 52. Kd3 Bb4 53. Nc4 Kd5 54. Ne3+ Ke5 55. Ng2 g5 56. h4 h6 57. hxg5 hxg5 58. Ke3 Bc5+ 59. Ke2 g4 60. fxg4 fxg4 61. Ne1 Ke4 62. Kf1 g3 63. Kg2 Bf2 64. Nc2 Kd3 65. Na3 Kc3 66. Nb5+ Kb2 67. a3 Kb3 68. Kf3 Ka4 69. Nc3+ Kxa3 70. Nd5 Kb2 71. Nb6 Kb3 72. Ke2 a4 73. Nd5 a3 74. Nf4 a2 0-1

[Event "Titled Tuesday intern op 26th Jul Early"]
[Site "Chess.com INT"]
[Date "2022.07.26"]
[Round "1"]
[White "Peiris, TSS"]
[Black "Sammed Jaykumar, Shete"]
[Result "1/2-1/2"]
[WhiteElo "1868"]
[BlackElo "2402"]
[PlyCount "124"]
[EventDate "2022.07.26"]
[EventType "swiss (blitz)"]
[EventRounds "11"]
[EventCountry "USA"]
[SourceTitle "EXT 2023"]
[Source "ChessBase"]
[SourceDate "2022.10.05"]
[SourceVersion "1"]
[SourceVersionDate "2022.10.05"]
[SourceQuality "1"]

1. d4 Nf6 2. Nf3 e6 3. c4 d5 4. Nc3 c6 5. Bg5 Nbd7 6. e3 Qa5 7. Bxf6 Nxf6 8. Bd3 dxc4 9. Bxc4 b5 10. Bb3 Ne4 11. Rc1 Nxc3 12. bxc3 Ba3 13. Rc2 0-0 14. 0-0 c5 15. c4 Rd8 16. Qe2 bxc4 17. Bxc4 Bb7 18. dxc5 Bxc5 19. Rb1 Be4 20. Rb5 Qa3 21. Rcb2 Rac8 22. R5b3 Qa5 23. Ba6 Rc6 24. Bb7 Bxf3 25. gxf3 Rcd6 26. Rb5 Qc3 27. Rc2 Rd1+ 28. Kg2 Qf6 29. f4 Bf8 30. Qg4 h6 31. Bf3 Ra1 32. Rb7 Be7 33. Rcc7 Re8 34. Be4 Rxa2 35. Rxa7 Rxa7 36. Rxa7 Bf8 37. Rb7 Re7 38. Rxe7 Bxe7 39. f5 exf5 40. Qxf5 Qg5+ 41. Qxg5 Bxg5 42. Bf5 Bf6 43. Be4 g6 44. Bf3 Kg7 45. Be2 h5 46. e4 Bh4 47. f3 Kf6 48. Bc4 Ke7 49. Bd5 Bg5 50. Bc4 Bf4 51. Bd5 Kf6 52. Bc4 Ke7 53. Bd5 f6 54. Bc6 h4 55. h3 Kd6 56. Be8 g5 57. Bh5 Kc5 58. Bg4 Kd4 59. Bf5 Ke3 60. Bg4 Kd4 61. Bf5 Ke3 62. Bg4 Kd4 1/2-1/2